000 00613nam a2200217Ia 4500
003 GCL
008 140319s9999 xx 000 0 ara d
020 _a147209977
040 _aGCL /
_cGCL
082 0 4 _aط
_b001.2
_bد ن
245 1 0 _aنظرة الى الاشياء : المنزل
250 _aالاولى
260 _aالقاهرة :
_bدار الشروق ،
_c2006
300 _a ؛
_c28 سم
490 _aنظرة إلى الأشياء
_v0
650 0 4 _aالمنازل
650 0 4 _aالتثقيف الذاتى
650 0 4 _aالمعرفة
650 0 4 _aكتب الاطفال
942 _2ddc
_cBK
999 _c9600
_d9600